The complete idiots guide to pcs / (Record no. 156341)

MARC details
000 -LEADER
fixed length control field 00533nam a22001697a 4500
005 - DATE AND TIME OF LATEST TRANSACTION
control field 20180825153014.0
010 ## - LCCN (DPL NO)
LC control number A-878282
020 ## - INTERNATIONAL STANDARD BOOK NUMBER
International Standard Book Number 8120311523
Terms of availability 150.00
082 ## - DEWEY DECIMAL CLASSIFICATION NUMBER
Classification number 001.6424
100 ## - MAIN ENTRY--PERSONAL NAME
Personal name kraynak, Joe
245 ## - TITLE STATEMENT
Title The complete idiots guide to pcs /
Statement of responsibility, etc by Joe kraynak
260 ## - PUBLICATION, DISTRIBUTION, ETC. (IMPRINT)
Place of publication, distribution, etc New Delhi
Name of publisher, distributor, etc prentice-Hall of India private limited
Date of publication, distribution, etc 1997
270 ## - ADDRESS
Address M-97, connaught circus
City New Delhi
Postal code 110001
300 ## - PHYSICAL DESCRIPTION
Extent xxiv, 383p.
Dimensions 22cm(Hb)
500 ## - GENERAL NOTE
General note Includes index
942 ## - ADDED ENTRY ELEMENTS (KOHA)
Source of classification or shelving scheme Dewey Decimal Classification
Item type English Books
Call number suffix KRA
Classification part 001.6424
Holdings
Withdrawn status Lost status Not for loan Collection code Home library Current library Date acquired Source of acquisition Cost, normal purchase price Full call number Barcode Cost, replacement price Koha item type
      Non-fiction Shahdara Branch Shahdara Branch 25/08/2018 BPPD/PUB 150.00 001.6424 KRA A-878282 150.00 English Books

© Delhi Public Library
Hit Counter
free hit counter